01046nam a2200289Ia 4500003000400000005001700004008004100021020001500062040001800077041000800095082002500103100002600128245003800154250001200192260006700204300003200271650004300303650004000346650003300386650004100419650003400460650003300494650004300527942002700570999001900597952014000616OSt20250305144731.0210716s2004 xx 000 0 und d a8173665648 cAIMIT LIBRARY aeng a005.7402 21stbDUBP aDubois, Paul.9204121 aMysql cookbook /cBy Paul Dubois. a1st ed. aMumbai :bShroff Publishers and Distributors Pvt Ltd ,c2004. axxvii,992,9 p.;bPBc24 cm. aUsing the mysql client program9204122 aRecord selection techniques9204123 aWorking with strings9204124 aWorking with dates and times9204125 aSorting query results9204126 aGenerating summaries9204127 aGenerating and using sequences9204128 2ddccBKk005.7402 DUBP c187219d187219 001040708MCAaAIMITbAIMITeIntel Book Distributorsg750.00l0o005.7402 DUBPpMCA06727r2025-07-21 00:00:00v637.50w2021-07-16yBK